| 000 | 00517 a2200169 4500 | ||
|---|---|---|---|
| 999 |
_c2808 _d2808 |
||
| 020 | _a9788120328594 | ||
| 050 | _aHD38.5 ALT 2005 | ||
| 100 |
_aAltekar, Rahul V. _eauthor |
||
| 245 |
_aSupply chain management : _bconcepts and cases / _cRahul V. Altekar |
||
| 264 |
_aNew Dehli : _bPHI Learning, _c2005 |
||
| 300 |
_axvii, 453p. : _bill. |
||
| 500 | _aIncludes index | ||
| 650 | _aMaterials management | ||
| 650 | _aBusiness logistics | ||
| 650 |
_aIndustrial procurement _xManagement |
||
| 942 |
_2lcc _cBK _h38.5 _iALT _kHD |
||